书目信息 |
| 题名: |
行为心理学
|
|
| 作者: | 文娟 编著 | |
| 分册: | ||
| 出版信息: | 长春 吉林文史出版社 2018 |
|
| 页数: | 243页 | |
| 开本: | 21cm | |
| 丛书名: | ||
| 单 册: | ||
| 中图分类: | B84-063 , B84 | |
| 科图分类: | ||
| 主题词: | 行为主义--心理学--通俗读物 | |
| 电子资源: | ||
| ISBN: | 978-7-5472-5636-7 | |
| 000 | 00903nam0 2200253 450 | |
| 001 | 2352786703 | |
| 005 | 20231127180649.36 | |
| 010 | @a978-7-5472-5636-7@dCNY38.00 | |
| 100 | @a20190406d2018 em y0chiy50 ea | |
| 101 | 0 | @achi |
| 102 | @aCN@b220000 | |
| 105 | @ay z 000yy | |
| 200 | 1 | @a行为心理学@Axing wei xin li xue@f文娟编著 |
| 210 | @a长春@c吉林文史出版社@d2018 | |
| 215 | @a243页@d21cm | |
| 312 | @a封面英文题名:Behavioristic psychology | |
| 330 | @a本书从身体小动作、个人小习惯等方面入手,选取了日常生活中较为常见,也是比较容易被忽视的微小动作和表情,以科学的语言进行剖析,让你从一闪而过的微行为里发现有价值的信息,一眼看透对方背后的秘密,掌握人际交往的主控权。 | |
| 510 | 1 | @aBehavioristic psychology@zeng |
| 606 | 0 | @a行为主义@x心理学@j通俗读物 |
| 690 | @aB84-063@v5 | |
| 690 | @aB84@v4 | |
| 701 | 0 | @a文娟@Awen juan@4编著 |
| 801 | 0 | @aCN@b91MARC@c20190406 |
| 905 | @aZUCC@dB84@e201 | |
| 行为心理学/文娟编著.-长春:吉林文史出版社,2018 |
| 243页;21cm |
| ISBN 978-7-5472-5636-7:CNY38.00 |
| 本书从身体小动作、个人小习惯等方面入手,选取了日常生活中较为常见,也是比较容易被忽视的微小动作和表情,以科学的语言进行剖析,让你从一闪而过的微行为里发现有价值的信息,一眼看透对方背后的秘密,掌握人际交往的主控权。 |
| ● |
| 相关链接 |
|
|
|
正题名:行为心理学
索取号:B84/201
 
预约/预借
| 序号 | 登录号 | 条形码 | 馆藏地/架位号 | 状态 | 备注 |
| 1 | 2000992350 | 2000992350 | 第四书库/四3架A面3层1列/ [索取号:B84/201] | 在馆 | |
| 2 | 2000992351 | 2000992351 | 第四书库/四3架A面3层1列/ [索取号:B84/201] | 在馆 | |
| 3 | 2000992352 | 2000992352 | 第四书库/四3架A面3层1列/ [索取号:B84/201] | 在馆 | |
| 4 | 2000992353 | 2000992353 | 第四书库/四3架A面3层1列/ [索取号:B84/201] | 在馆 | |
| 5 | 2000992354 | 2000992354 | 第四书库/四3架A面3层1列/ [索取号:B84/201] | 在馆 | |
| 6 | 2000992355 | 2000992355 | 第四书库/四3架A面3层1列/ [索取号:B84/201] | 在馆 |